| 000 | 00589nam a2200229 a 4500 | ||
|---|---|---|---|
| 001 | nice12345678 | ||
| 003 | IN_TiNIC | ||
| 005 | 20260116012657.0 | ||
| 008 | 070709s1983 boma grp 000 0 urd | ||
| 020 |
_a _c7 |
||
| 082 | 0 | 0 |
_a297.822 _bENG2 |
| 100 | _aEngineer, Asghar Ali | ||
| 245 | _aBohra Firqe Ke Aqaid Aur Uska Samaj Masai`l | ||
| 260 |
_aBombay _bShethia Audio Vidio Pvt. Ltd. _c1983 |
||
| 300 | _a68p | ||
| 500 | _aincludes index and biblioraphy | ||
| 650 | _aDawoodi Bohras | ||
| 700 | 1 | _aEngineer, Asghar Ali | |
| 902 | _bSRS | ||
| 942 | _cBK | ||
| 999 |
_c7910 _d7910 |
||